000 00233 a2200097 4500
001 35043
100 _aKhan M Ali
245 _aConstitution of the Islamic R of Pakistan
260 _aLahore
_bPak law House
_c
090 _c23191
_d23191
942 _aNUST-CAE
_cM
_c14660
999 _c270116
_d270116